| 000 | 01360nam a22003377a 4500 | ||
|---|---|---|---|
| 005 | 20240530110502.0 | ||
| 008 | 150430s2011 ua g b 000 0 ara d | ||
| 017 |
_a13040/2010 _bمصر . دار الكتب المصرية |
||
| 020 | _a9789773191255 | ||
| 040 | _aEG-CaGPL | ||
| 082 | 0 | 4 |
_221 _a305.4\ _bإ م |
| 100 | 0 | _aاسماعيل عبدالفتاح | |
| 245 | 1 | 2 |
_aالمراة العربية ومشكلاتها الاجتماعية فى القرن الحادى والعشرين / _cاسماعيل عبدالفتاح ، سامية عبدالغنى |
| 250 | _aط1 | ||
| 260 |
_aالقاهرة : _bالعربى للنشر و التوزيع ، _c2011 . |
||
| 300 |
_a320 ص ؛ _c24 سم . |
||
| 504 | _aيشتمل على ارجاعات ببليوجرافية | ||
| 650 | 0 | 4 | _aالمشاكل الاجتماعية |
| 650 | 0 | 4 | _aالطلاق |
| 650 | 0 | 4 | _aالمرأة فى الحياة العامة |
| 650 | 0 | 4 |
_aالمرأة _xرعاية اجتماعية |
| 650 | 0 | 4 |
_aالطلاق _xالانترنت |
| 650 | 0 | 4 | _aالزواج من اجنبيات |
| 650 | 0 | 4 |
_aالزواج _xاحصائيات |
| 650 | 0 | 4 | _aالزواج المؤقت |
| 650 | 0 | 4 | _aالعنوسة |
| 650 | 0 | 4 | _aزواج المسيار |
| 700 |
_aسامية عبدالغنى _eمؤلف مشارك |
||
| 942 |
_2ddc _cBK |
||
| 999 |
_c61498 _d61498 |
||